000 00874nas a2200289 4500
001 BR0306192
003 BR-BrBNA
005 20231205104227.0
007 ta
008 230509b bl.|||p| |||| 00| 00por d
040 _aBR-BrBNA
_bpor
_cBiblioteca Nacional de Agricultura
041 _a(Pt)
072 _aF07; F08
100 1 _aInoue, G.H.
245 1 _aSistemas de preparo do solo e o plantio direto no Brasil
650 _aPREPARO DO SOLO
650 _aPLANTIO DIRETO
650 _aTEMPERATURA DO SOLO
650 _aPROPRIEDADE FÍSICO-QUÍMICA
650 _aCOMPACTAÇÃO DO SOLO
650 _aCONTROLE BIOLÓGICO
650 _aIMPLEMENTO AGRÍCOLA
650 _aRESÍDUO ORGÂNICO
773 0 _tAgropecuária Técnica (Brazil)
_xISSN 0100-7467
_g(2003), v. 24(1) p. 1-11
_wBR0306192
909 _a202311
_bLúcia
_c55
_dLúcia Elande
942 _2AGRIS
_n0
_cANA
999 _c177042
_d177042